000 00629nam a2200181Ia 4500
008 090630s9999 xx 000 0 und d
082 _b20852
100 _aकुळकर्णी नलिनी.
245 _aजादूचा दिवा.
_cकुळकर्णी नलिनी.
260 _bअमोल - पुणे.
_c2000
300 _a16
600 _aकुळकर्णी नलिनी.
630 _aजादूचा दिवा.
655 _aबालवाङमय.
700 _aकुळकर्णी नलिनी.
730 _aजादूचा दिवा.
942 _cBOOK
999 _c272708
_d272708